000 00325nam a2200145Ia 4500
005 20251222153523.0
008 251222s9999||||xx |||||||||||||| ||spa||
020 _a9788401352560
082 _a800/T33
100 _aTejera Osuna, Macu
245 0 _aAmapola
250 _a1ra.ed.
264 _bPlaza & Jamés
942 _cLIB
999 _c29783
_d29783